Statistics for Athletes with the Most Fans on Facebook

Click here to take the quiz!

General Stats

  • This quiz has been taken 456 times
  • The average score is 23 of 100

Answer Stats

#SportFB FansAnswer% Correct
1.Soccer48,062,814Cristiano Ronaldo
92%
2.Soccer37,947,388Lionel Messi
89%
8.Basketball12,301,950LeBron James
87%
9.Tennis11,489,361Roger Federer
79%
10.Tennis11,191,127Rafael Nadal
75%
4.Basketball20,321,285Michael Jordan
74%
6.Basketball14,008,746Kobe Bryant
72%
3.Soccer20,744,926David Beckham
68%
69.Tennis1,176,654Serena Williams
65%
73.Tennis1,130,686Venus Williams
63%
16.WWE7,076,856Dwayne "The Rock" Johnson
58%
12.Athletics8,618,441Usain Bolt
56%
19.Swimming6,480,631Michael Phelps
54%
44.Tennis2,276,932Novak Djokovic
53%
7.WWE12,695,995John Cena
51%
20.Soccer6,459,695Neymar
50%
36.Golf2,641,854Tiger Woods
49%
30.Skateboarding3,271,588Tony Hawk
47%
13.Tennis8,083,521Maria Sharapova
45%
46.Basketball2,045,213Earvin "Magic" Johnson
43%
98.Auto Racing642,319Jimmie Johnson
41%
89.Tennis763,632Andy Murray
40%
33.Basketball3,116,287Kevin Durant
40%
18.Basketball6,607,723Dwyane Wade
38%
85.Football841,601Terrell Owens
38%
34.Basketball3,100,663Shaquille O'Neal
37%
70.Soccer1,163,983Pele
36%
11.Soccer10,712,429Andres Iniesta
34%
40.Cycling2,415,048Lance Armstrong
32%
5.Soccer18,267,353Ricardo Kaka
30%
80.Soccer951,530Philipp Lahm
28%
53.Soccer1,890,267Luis Suarez
27%
37.Basketball2,608,070Dwight Howard
26%
61.Auto Racing1,326,391Lewis Hamilton
26%
42.Snowboarding2,355,564Shaun White
26%
25.WWE5,124,438Undertaker
25%
62.Basketball1,312,265Carmelo Anthony
24%
81.Basketball932,371Chris Paul
22%
22.Basketball5,973,741Derrick Rose
22%
83.Basketball851,785Russell Westbrook
22%
90.Basketball752,906Chris Bosh
20%
48.Soccer1,977,529Thierry Henry
19%
27.WWE4,498,880Triple H
19%
24.Soccer5,425,780Didier Drogba
18%
26.Soccer4,842,246Gerard Pique
16%
87.Basketball798,186Tony Parker
16%
54.Basketball1,872,518Blake Griffin
15%
52.Basketball1,900,933Dirk Nowitzki
15%
32.Basketball3,143,199Pau Gasol
15%
63.WWE1,312,156Kane
14%
41.WWE2,409,412Randy Orton
14%
49.Basketball1,944,525Steve Nash
14%
56.WWE1,553,973"Stone Cold" Steve Austin
14%
91.Beach Volleyball720,582Misty May-Treanor
13%
38.Basketball2,493,961Paul Pierce
13%
68.WWE1,186,536Big Show
12%
95.Soccer693,254Landon Donovan
12%
21.Soccer6,186,148Mesut Ozil
12%
14.Cricket7,551,061Sachin Tendulkar
12%
59.Basketball1,405,545Allen Iverson
11%
51.WWE1,927,861Shawn Michaels
11%
66.Diving1,260,992Tom Daley
11%
23.WWE5,511,191Rey Mysterio
10%
65.Basketball1,280,795Yao Ming
10%
67.WWE1,249,860CM Punk
8%
57.Football1,510,975Drew Brees
8%
55.Tennis1,801,691Anna Kournikova
7%
50.WWE1,934,982Edge
7%
94.Gymnastics703,436Gabrielle Douglas
7%
60.Soccer1,327,498Rio Ferdinand
7%
31.Soccer3,221,919Alessandro Del Piero
6%
17.Soccer6,941,405David Villa Sanchez
6%
64.Soccer1,312,013Hope Solo
6%
82.Basketball865,246Manu Ginobili
6%
93.Soccer707,604Alex Morgan
5%
78.Athletics963,348Jessica Ennis
5%
71.Basketball1,158,214Tracy McGrady
5%
99.Basketball591,558Amar'e Stoudemire
4%
96.Tennis663,535Ana Ivanovic
4%
77.Basebal1,010,456David Ortiz
4%
35.Soccer2,853,306Diego Forlan
3%
100.Soccer589,943Juan Mata
3%
86.Basketball813,644Lamar Odom
3%
74.Soccer1,108,527Lukas Podolski
3%
29.Skateboarding3,897,384Rob Dyrdek
3%
39Skateboarding2,429,934Ryan Sheckler
3%
79.Figure Skating957,801Yu-Na Kim
3%
58.WWE1,434,211Kelly Kelly
2%
47.Footbal2,009,331Reggie Bush
2%
76.WWE1,010,668Sin Cara
2%
97.WWE656,687The Miz
2%
45.Soccer2,048,789Arda Turan
1%
92.Soccer713,636Giorgio Chiellini
1%
72.Football1,155,301Hines Ward
1%
75.WWE1,012,429John Morrison
1%
88.Soccer797,985Nicolas Anelka
1%
28.Soccer4,153,022Ronaldino Gaucho
1%
84.Badminton844,976Saina Nehwal
1%
15.Soccer7,409,129Steven Garrard
1%
43.Soccer2,347,400Alex De Souza
0%

Score Distribution

Percentile by Number Answered

Percent of People with Each Score

Your Score History

You have not taken this quiz